000 00217 a2200097 4500
001 42898
100 _aBridge P.S.A
245 _aCouplings to the Khyber
260 _aDeven
_bDavid Charles
_c
090 _c26785
_d26785
942 _aNUST-CAE
_cM
_c18652
999 _c277971
_d277971